000
00246nam a2200097Ia 4500
008
230915s9999 xx 000 0 und d
050
_a
HD 30.28. P353 2011
100
_a
GAMBLE, JOHN E.
245
0
_a
ESSENTIALS OF STRATEGIC MANAGEMENT
942
_c
BK
999
_c
75598
_d
75598